| 000 | 00000nam##2200000za#4500 |
| 001 | 9.568521 |
| 003 | CaOODSP |
| 005 | 20210624181318 |
| 007 | cr ||||||||||| |
| 008 | 150406|1996||||xxc|||||o f|0| 0 eng|d |
| 040 | |aCaOODSP|beng |
| 043 | |an-cn--- |
| 086 | 1 |aBT31-4/15-1996E-PDF |
| 110 | 1 |aCanada. |bTreasury Board. |
| 245 | 10|aTreasury Board of Canada, Secretariat, performance report for the period ending March 31, 1996 |h[electronic resource] |
| 246 | 3 |aTreasury Board Secretariat performance report for the period to March 31, 1996 |
| 260 | |aOttawa - Ontario : |bTreasury Board of Canada Secretariat |cc1996. |
| 300 | |a37p.|bgraphs, organization chart, tables |
| 490 | 1 |aPerformance report for the period ending March 31, 1996 |vFor the period ending March 31, 1996 |
| 500 | |aThe catalogue number (BT31-4/15-1996) and ISBN (0-660-60162-1) for the bilingual print edition have been incorrectly copied in this electronic publication. |
| 590 | |a11-01-Supp|b2011-01-11 |
| 775 | 08|tSecrétariat du Conseil du Trésor du Canada, rapport sur le rendement pour la période se terminant le 31 mars 1996 |w(CaOODSP)9.599799 |
| 776 | 0#|tTreasury Board of Canada, Secretariat|w(CaOODSP)9.528234 |
| 776 | 0#|tConseil du Trésor du Canada, Secrétariat|w(CaOODSP)9.528235 |
| 830 | #0|aPerformance report for the period ending March 31, 1996 ;|vFor the period ending March 31, 1996|w(CaOODSP)9.506215 |
| 856 | 40|ahttp://publications.gc.ca|qPDF|s180 KB|uhttps://publications.gc.ca/collections/Collection/BT31-4-15-1996E.pdf|yFor the period ending March 31, 1996 |